000
00178 a2200097 4500
020
_a
9780399154911
041
_a
eng
100
_a
Roberts, Nora
245
_a
Tribute
942
_c
BK
999
_c
29562
_d
29560